000 004300000a22001810004500
003 MACL
005 20151028110516.0
008 151028b xxu||||| |||| 00| 0 eng d
040 _aMACL
_cMACL
041 _aEnglish
082 _a150/TAG
100 _aTagore, Rabrindnath
_917085
245 _aNationalism
260 _bRadiance
_c2009
_aKolkata
350 _a100.00
650 _aPhilosophy
_917086
942 _cBK
_k150/TAG
_2ddc
999 _c44520
_d44520